Statistics for Secondary Kamen Riders

Click here to take the quiz!

General Stats

  • This quiz has been taken 165 times
  • The average score is 15 of 20

Answer Stats

Civilian NameKamen Rider% Correct
Daiki KaitoKamen Rider Diend
86%
Hikawa MakotoKamen Rider G3
85%
Ren AkiyamaKamen Rider Knight
85%
Ryu TeruiKamen Rider Accel
83%
Kaito KumonKamen Rider Baron
80%
Keisuke NagoKamen Rider Ixa
79%
Kosuke NitohKamen Rider Beast
78%
Akira Date/Shintaro GotoKamen Rider Birth
78%
Go ShijimaKamen Rider Mach
78%
Ryusei SakutaKamen Rider Meteor
77%
Geiz MyokoinKamen Rider Geiz
76%
Masato KusakaKamen Rider Kaixa
75%
Tachibana SakuyaKamen Rider Garren
73%
Makoto FukamiKamen Rider Specter
72%
Ryuga BanjoKamen Rider Cross-Z
71%
Arata KagamiKamen Rider Gatack
71%
Yuto SakuraiKamen Rider Zeronos
71%
Hiiro KagamiKamen Rider Brave
70%
Iori IzumiKamen Rider Ibuki
70%
Isamu FuwaKamen Rider Vulcan
62%

Score Distribution

Percentile by Number Answered

Percent of People with Each Score

Your Score History

You have not taken this quiz